00553nam a22002177a 450000500170000001000130001702000230003003500130005303700160006604000120008208200130009410000150010724500350012224600060015726000370016327000480020030000250024850000200027365000200029365000220031320170124110040.0 aA-778999 c115.00a8170102499 aA-778999 bCen Lib/Ret aDPLbEN a881bDOV aDove, Rita aSelected poems /cby Rita Dove b  bHemkunt Press c1993aNew Delhi  bNew Delhi aA-78, Naraina I.A. Ph-Ie110028 axxvi,209p.c21cm(Hb) aIncludes index. aAmerican poetry aAfrican Americans